Vallomások a pályáról elméleti és gyakorlati kérdések az áprilisi Katedrában

Bibliographic Details
Main Author: (sz.j.) (Author)
Format: Article
Language:Hungarian
Subjects:

MARC

LEADER 00000nab a2200000 a 4500
001 vtls000692666
003 SK-MaSNL
005 20260319075536.0
008 160405c1999 xo 0 hun
015 |a SNBRB1999/04-10532 
035 |a CLN000044833 
040 |a SNKBUCL  |b slo  |c SNKBUCL  |e AACR2 
041 0 |a hun 
044 |a xo  |c SK 
080 |a 37(05)(437.6=945.11)  |2 1997 
100 0 |a (sz.j.)  |4 aut  |9 840970 
245 1 0 |a Vallomások a pályáról  |b elméleti és gyakorlati kérdések az áprilisi Katedrában  |c [szerző] (Sz.J.) 
300 |b Obr. 
630 0 7 |a Katedra (časopis)  |y 1999  |x č. 8  |2 snkbucl  |9 889190 
655 7 |a články z novín a časopisov  |2 snkbucl  |9 267496 
773 0 |t Új szó  |g Roč. 52, č. 80 (8.4.1999), s. 10 
850 |a Slovenská národná knižnica v Martine 
852 |a SNK  |b KIS3GCP 
958 |a HU 
958 |a SK 
958 |a RBX 
999 |c 1410124  |d 1412054